000 00257nam a22000977a 4500
005 20250901165240.0
008 210226b ||||| |||| 00| 0 eng d
050 _aQC21 .S65
245 _aElements of physics
_cSMITH, ALPHEUS W.
942 _2lcc
_hQC21 .S65
999 _c980
_d980